000 00346 a2200157 4500
001 152722
040 _cEscola São Tomás de Aquino
100 _aBREZINA, Thomas
240 1 0 _aA turma dos tigres
_lpor
245 1 0 _aA turma dos tigres
300 _a87
362 0 _a2000
440 1 _aÁtica
697 _a*LITERATURA JUVENIL
942 _cBK
999 _c152722
_d152722